00231nam a2200097Ia 4500008004100000041000800041082001200049100001700061245002600078260002900104231212s1974 xx 000 0 und d aeng a621.381 aMileat Harry aElectronic Vol. V I I aNew DelhibD.B.Tarc1974